000 00684nam a2200241 a 4500
001 43007
003 BD-RjUL
005 20211209053629.0
008 160618s1972 enk 001 0 eng
020 _a0710073372
035 _a(BD-RjUL)43125
040 _aDLC
_cDLC
_dBD-RjUL
_beng
041 _aeng
082 0 0 _a330.9
_223
_bBRH 1973
100 1 _aBridbury, A. R.
_9132067
245 1 0 _aHistorians and the open society /
_c[by] A. R. Bridbury
260 _aLondon ;
_aBoston :
_bRoutledge and K. Paul,
_cc1972.
300 _axvi, 163 p. ;
_c22 cm.
500 _aIncludes index
650 0 _aEconomic history
_xHistoriography.
_9132068
942 _2ddc
_cBK
999 _c43007
_d43007